000 01262 a2200193 4500
001 26893
005 20260407155546.0
008 260407a1986 arg spa d
003 AR-UNSa-BCEJYS
040 _aAR-UNSa-BCEJYS
_bspa
_cAR-UNSa-BCEJYS
080 _a336.5
_xGasto público. Gastos del estado
245 1 0 _aGasto público
_ppropuestas de reforma del sector público argentino
264 1 _aBuenos Aires :
_bFIEL (Fundación de Investigaciones Económicas Latinoamericanas)
_c1986
300 _a6 v.
_c28 cm. (anillado)
505 _aVol. I: 1. Resumen general - 2. Teoría Económica y reforma del estado - 3. Lineamientos generales de un proyecto de Ley de privatización -- Vol. II: 1. Administración Nacional y Provincial - 2. Estatuto y escalafón del funcionario público - 3. Actividad regulatoria del Estado -- Vol. III: 1. Educación - 2. Salud - 3. Sistema jubilatorio -- Vol. IV: 1. Petróleo, gas y carbón - 2. Electricidad -- Vol. V: 1. Aéreo - 2. Ferroviario - 3. Marítimo y puertos - 4. Automotor - 5. Comunicaciones -- Vol. VI: 1. Armamentos - 2. Siderurgia - 3. Petroquímica - 4. Astilleros
942 _cBK
590 _aniveau_biblio:m niveau_hierar:0
100 1 _aFundación de Investigaciones Económicas Latinoamericanas (FIEL)
999 _c1512
_d1512